|
|
|
|
| LEADER |
01732nam a2200397 i 4500 |
| 001 |
EBC30841002 |
| 003 |
MiAaPQ |
| 005 |
20231114005019.0 |
| 006 |
m o d | |
| 007 |
cr cnu|||||||| |
| 008 |
231114t20242023enk ob 001 0 eng d |
| 020 |
|
|
|z 9781032564623
|q (print)
|
| 020 |
|
|
|a 9781003848530
|q (electronic bk.)
|
| 035 |
|
|
|a (MiAaPQ)EBC30841002
|
| 035 |
|
|
|a (Au-PeEL)EBL30841002
|
| 035 |
|
|
|a (OCoLC)1407318265
|
| 040 |
|
|
|a MiAaPQ
|b eng
|e rda
|e pn
|c MiAaPQ
|d MiAaPQ
|
| 050 |
|
4 |
|a TD159.4
|b .S637 2024
|
| 082 |
0 |
|
|a 307.760285
|2 23
|
| 245 |
0 |
0 |
|a Smart and Resilient Infrastructure for Emerging Economies :
|b Perspectives on Building Better /
|c edited by Innocent Musonda [and three others].
|
| 250 |
|
|
|a First edition.
|
| 264 |
|
1 |
|a Milton Park, Oxon :
|b CRC Press/Balkema,
|c [2024]
|
| 264 |
|
4 |
|c Ã2023
|
| 300 |
|
|
|a 1 online resource (xxiv, 299 pages)
|
| 336 |
|
|
|a text
|b txt
|2 rdacontent
|
| 337 |
|
|
|a computer
|b c
|2 rdamedia
|
| 338 |
|
|
|a online resource
|b cr
|2 rdacarrier
|
| 504 |
|
|
|a Includes bibliographical references and index.
|
| 588 |
|
|
|a Description based on print version record.
|
| 590 |
|
|
|a Electronic reproduction. Ann Arbor, MI : ProQuest, 2018. Available via World Wide Web. Access may be limited to ProQuest affiliated libraries.
|
| 650 |
|
0 |
|a Smart cities.
|
| 655 |
|
4 |
|a Electronic books.
|
| 700 |
1 |
|
|a Musonda, Innocent,
|e editor.
|
| 776 |
0 |
8 |
|i Print version:
|t Smart and Resilient Infrastructure for Emerging Economies : Perspectives on Building Better.
|b First edition.
|d Milton Park, Oxon : CRC Press/Balkema, 2024, c2023
|h xxiv, 299 pages
|z 9781032564623
|
| 797 |
2 |
|
|a ProQuest (Firm)
|
| 856 |
4 |
0 |
|u https://ebookcentral.proquest.com/lib/matrademy/detail.action?docID=30841002
|z Click to View
|